|
|
|
|
| LEADER |
02088nam a2200385 a 4500 |
| 001 |
31049 |
| 003 |
BD-DhAAL |
| 005 |
20250806121520.0 |
| 008 |
181025t1983 enk b 001 0 eng |
| 010 |
|
|
|a 83000977
|
| 020 |
|
|
|a 0582644437
|
| 040 |
|
|
|a DLC
|c DLC
|d DLC
|d OCoLC
|d BD-DhAAL
|
| 043 |
|
|
|a d------
|
| 050 |
1 |
0 |
|a HN980
|b .C49 1984
|
| 082 |
0 |
0 |
|a 307.14
|2 19
|
| 100 |
1 |
|
|a Chambers, Robert,
|d 1932-
|9 28623
|
| 245 |
1 |
0 |
|a Rural development :
|b putting the last first /
|c Robert Chambers.
|
| 260 |
|
|
|a London ;
|a New York :
|b Longman,
|c c1983.
|
| 300 |
|
|
|a [10], 246 pages ;
|c 21 cm.
|
| 500 |
|
|
|a Includes index.
|
| 504 |
|
|
|a Includes bibliographical reference (pages 219-235)
|
| 526 |
|
|
|a ESS
|
| 541 |
|
|
|a Trim Education
|e 3412, 10802, 10817,31049, 31050, 31051
|
| 650 |
|
0 |
|a Rural poor
|z Developing countries.
|9 28624
|
| 650 |
|
0 |
|a Rural development.
|9 28625
|
| 650 |
|
0 |
|a Economics.
|9 43470
|
| 852 |
|
|
|a Ayesha Abed Library
|c General Stacks
|
| 942 |
|
|
|2 ddc
|c BK
|
| 999 |
|
|
|c 36745
|d 36745
|
| 952 |
|
|
|0 0
|1 0
|2 ddc
|4 0
|6 307_140000000000000_CHA
|7 0
|9 58601
|a BRACUL
|b BRACUL
|c GEN
|d 2016-03-29
|e Trim Education
|g 1859.00
|l 0
|o 307.14 CHA
|p 3010031049
|r 2018-10-24
|t 4
|v 1859.00
|w 2016-03-29
|y BK
|
| 952 |
|
|
|0 0
|1 0
|2 ddc
|4 0
|6 307_140000000000000_CHA
|7 0
|9 58602
|a BRACUL
|b BRACUL
|c GEN
|d 2016-03-29
|e Trim Education
|g 1859.00
|l 0
|o 307.14 CHA
|p 3010031050
|r 2016-03-30
|t 5
|v 1859.00
|w 2016-03-29
|y BK
|
| 952 |
|
|
|0 0
|1 0
|2 ddc
|4 0
|6 307_140000000000000_CHA
|7 0
|9 58603
|a BRACUL
|b BRACUL
|c GEN
|d 2016-03-29
|e Trim Education
|g 1859.00
|l 1
|m 2
|o 307.14 CHA
|p 3010031051
|r 2025-07-27
|s 2025-07-07
|t 6
|v 1859.00
|w 2016-03-29
|y BK
|
| 952 |
|
|
|0 0
|1 0
|2 ddc
|4 0
|6 307_140000000000000_CHA
|7 0
|9 77992
|a BRACUL
|b BRACUL
|c GEN
|d 2016-03-29
|g 1859.00
|l 0
|o 307.14 CHA
|p 3010003412
|r 2025-08-06
|t 1
|v 1859.00
|w 2016-03-29
|y BK
|
| 952 |
|
|
|0 0
|1 0
|2 ddc
|4 0
|6 307_140000000000000_CHA
|7 0
|9 77993
|a BRACUL
|b BRACUL
|c GEN
|d 2016-03-29
|g 1859.00
|l 0
|o 307.14 CHA
|p 3010010802
|r 2025-08-06
|t 2
|v 1859.00
|w 2016-03-29
|y BK
|
| 952 |
|
|
|0 0
|1 0
|2 ddc
|4 0
|6 307_140000000000000_CHA
|7 0
|9 77994
|a BRACUL
|b BRACUL
|c GEN
|d 2016-03-29
|g 1859.00
|l 0
|o 307.14 CHA
|p 3010010817
|r 2025-08-06
|t 3
|v 1859.00
|w 2016-03-29
|y BK
|